| 000 | 00000nas 2200000za 4500 |
| 001 | 9.503465 |
| 003 | CaOODSP |
| 005 | 20211124133711 |
| 007 | cr ||||||||||| |
| 008 | 150406d20002001oncar p o||||f| |0fre|d |
| 040 | |aCaOODSP|bfre |
| 043 | |an-cn--- |
| 086 | 1 |aNS1-6F-PDF |
| 110 | 2 |aConseil de recherches en sciences naturelles et en génie du Canada. |
| 245 | 10|aCRSNG guide des boursiers ... titulaires d'une bourse d'études supérieures (ES) dans une université canadienne |h[ressource électronique]. |
| 246 | 1 |iTitre de renvoi : |aGuide des boursiers du CRSNG ... titulaires d'une bourse d'études supérieures (ES) dans une université canadienne |
| 260 | |aOttawa : |bConseil de recherches en sciences naturelles et en génie |
| 310 | |aAnnuel |
| 362 | 0 |a2000-2001? |
| 691 | 07|aBourse d'études|2gcpds |
| 775 | 08|tNSERC award holder's guide ... for postgraduate scholarship (PGS) holders at Canadian universities |w(CaOODSP)9.507072 |